00473nam a2200145Ia 4500008004100000041000800041082001200049100001500061245004400076260002900120300003200149365001100181999001700192952011800209240624s9999 xx 000 0 und d aeng a823 HIL aHILMI SABI aSECRETS OF ANGEL HEALING HOW TO CHANNEL c2011aNew DelhibPenguin aviii, : 312 : p. : cm. ; 20 cRSb25 c19997d19997 00104070aIMTNbIMTNcRack 40-Bd2012-10-03eAPg350.00o823 HILp19997r2024-06-24 00:00:00t1w2024-06-24yBK